<?xml version="1.0" encoding="UTF-8"?>
<collection xmlns="http://www.loc.gov/MARC21/slim">
  <record>
    <leader>00000nam  2200000   4500</leader>
    <controlfield tag="001">INLIS000000000018510</controlfield>
    <controlfield tag="005">20241120013025</controlfield>
    <datafield tag="035" ind1="#" ind2="#">
      <subfield code="a">0010-1124000176</subfield>
    </datafield>
    <controlfield tag="007">ta</controlfield>
    <controlfield tag="008">241120###########################0######</controlfield>
    <datafield tag="245" ind1="#" ind2="#">
      <subfield code="a">PANTANG TIDUR :</subfield>
      <subfield code="b">Panduan Tugas Akhir D3 Teknik Arsitektur /</subfield>
      <subfield code="c">Astri Puspita, S.Ars., M.Ars</subfield>
    </datafield>
    <datafield tag="260" ind1="#" ind2="#">
      <subfield code="a">Makassar :</subfield>
      <subfield code="b">Puslatbang KMP RI LAN Makassar,</subfield>
      <subfield code="c">2024</subfield>
    </datafield>
    <datafield tag="300" ind1="#" ind2="#">
      <subfield code="a">53 ;</subfield>
      <subfield code="c">30</subfield>
    </datafield>
    <datafield tag="650" ind1="#" ind2="4">
      <subfield code="a">Membuat panduan tugas akhir yang berisi format penulisan SOP tugas akhir guna mempercepat kelulusan mahasiswa D3 Teknik Arsitektur</subfield>
    </datafield>
    <datafield tag="700" ind1=" " ind2="#">
      <subfield code="a">Dr. Ir. Ishak Kadir, S.T., M.T (Mentor)</subfield>
    </datafield>
    <datafield tag="700" ind1=" " ind2="#">
      <subfield code="a">Taufik, S.E. (Coach)</subfield>
    </datafield>
    <datafield tag="520" ind1="#" ind2="#">
      <subfield code="a">Isu Keterlambatan kelulusan Mahasiswa D3 Teknik Arsitektur Universitas Halu Oleo masih cukup tinggi. Berdasarkan data Resntra Universitas Halu Oleo, rata-rata lulusan ada pada kisaran 4-5 tahun dengan presentase 45,28% pada tahun 2015 dan 55,12% pada tahun 2019. Mengalami kenaikan dari tahun-tahun sebelumnya, namun angka tersebut hanya mencapai setengah dari yang diharapkan oleh Universitas yakni 80%.&#13;
&#13;
Dampak yang terjadi jika isu tersebut tidak terselesaikan, yakni: 1. Keterlambatan lulusan yang tidak tepat waktu, 2. Kebutuhan akan pekerja industry dan pelaku usaha yang tidak dapat terpenuhi; 3. Profil lulusan yang dipertanyakan; 4. Akreditasi/citra lulusan yang kurang memuaskan bagi pelaku usaha, dan industri.&#13;
&#13;
Penulis menggunakan teknik analisis Fishbone untuk melihat akar permasalahan/isu dan juga teknik analisis SWOT untuk melihat kekuatan/kelemahan isu mana yang harus dipertahankan dan mana yang harus diperbaiki.&#13;
&#13;
Untuk itu, gagasan pemecahan isu yang tepat adalah Membuat Panduan Tugas Akhir yang berisi format penulisan SOP tugas akhir guna mempercepat kelulusan mahasiswa D3 Teknik Arsitektur.</subfield>
    </datafield>
    <datafield tag="856" ind1="#" ind2="#">
      <subfield code="a">PUSLATBANG KMP LAN RI Makassar</subfield>
    </datafield>
  </record>
</collection>
